• 首页
  • 本馆介绍
  • 公告通知
  • 最新文献
  • 馆藏检索
  • 电子资源
  • 读者导购
  • 参考咨询
  • 我的图书馆
  • 登录
  • 详细信息显示
  • 放入我的书架
  • 预约/预借图书
  • 作者相关作品
  • 分类相关作品
  • 丛书相关作品
  • 出版社相关作品

书目信息

  • 表格格式
  • 工作单格式
  • 卡片格式
题名:
建筑抗震设计规范
    
 
作者: ;中国建筑科学研究院 主编
分册:  
出版信息: 北京   中国建筑工业出版社  2010.08
页数: 483页
开本: 21cm
丛书名:
单 册:
中图分类: TU352.104
科图分类:
主题词: 建筑结构--特殊形式
电子资源:
ISBN: 7-5381-0932-3
000 00820nam0 2200217 450
001 1155959630
005 20110606153455.40
010    @a7-5381-0932-3@dCNY78.00
100    @a20110606d2010 km y0chiy0120 ea
101 0  @achi
102    @aCN@b110000
200 1  @a建筑抗震设计规范@Ajian zhu kang zhen she ji gui fan@e2010.05.31发布 2010.12.01实施@f中国建筑科学研究院主编@Fzhong guo jian zhu ke xue yan jiu yuan zhu bian
210    @a北京@c中国建筑工业出版社@d2010.08
215    @a483页@d21cm
300    @a中华人民共和国行业标准 GB50011-2010
517 1  @a2010.05.31发布 2010.12.01实施@A2010.05.31 fa bu 2010.12.01 shi shi
606 0  @a建筑结构@x特殊形式
690    @aTU352.104@v5
711 02 @a中国建筑科学研究院@Azhong guo jian zhu ke xue yan jiu yuan@4主编
801  0 @aCN@bNISOFT@c20110606
905    @aBZT@dTU352.104@e2
    
    建筑抗震设计规范:2010.05.31发布 2010.12.01实施/中国建筑科学研究院主编.-北京:中国建筑工业出版社,2010.08
    483页;21cm
    中华人民共和国行业标准 GB50011-2010
    
    ISBN 7-5381-0932-3:CNY78.00
    
●
相关链接 在五车中查询图书 在当当中查询图书 在豆瓣中查询图书


正题名:建筑抗震设计规范     索取号:TU352.104/2         预约/预借

序号 登录号 条形码 馆藏地/架位号 状态 备注
1 790204   2000790204   样本书库/样004架A面3层1列/ [索取号:TU352.104/2] 在馆    
2 790205   2000790205   中心书库中库/ 中库022架B面1列1层31/ [索取号:TU352.104/2] 在馆    
3 790206   2000790206   中心书库中库/ 中库022架B面1列1层25/ [索取号:TU352.104/2] 在馆    
4 790207   2000790207   中心书库中库/ 中库022架B面1列1层26/ [索取号:TU352.104/2] 在馆    
5 790208   2000790208   中心书库中库/ 中库022架B面1列1层29/ [索取号:TU352.104/2] 在馆    
6 790209   2000790209   中心书库中库/ 中库022架B面1列1层30/ [索取号:TU352.104/2] 在馆    
山东省滨州职业学院图书馆 欢迎您!
大连网信软件有限公司© 版权所有